000
00309nam a22001337a 4500
008
170824b xxu||||| |||| 00| 0 eng d
020
_a
9780205575817
041
_a
eng
080
_2
7TH
_a
51
100
_a
38
101
_a
MAT
245
_a
ELEMENTARY MIDDLE SCHOOL MATHEMATICS
_c
WALLE,J.A
942
_2
udc
_c
BK
999
_c
24753
_d
24753